Design and analysis of ecological experiments /

Guardado en:
Otros Autores: Scheiner, Samuel M. (Editor ), Gurevitch, Jessica. (Editor )
Formato: Libro
Idioma:English
Publicado: Oxford ; Buenos Aires : Oxford University Press, 2001.
Edición:2nd ed.
Etiquetas: Agregar Etiqueta
Sin Etiquetas, Sea el primero en etiquetar este registro!
LEADER 00709nam a22002055a 4500
001 MAT.inmabb001682
008 031204s2001####enka##########001#0#eng#d
005 20160413115133.0
245 1 0 |a Design and analysis of ecological experiments /  |c edited by Samuel M. Scheiner and Jessica Gurevitch. 
250 |a 2nd ed. 
260 |a Oxford ;  |a Buenos Aires :  |b Oxford University Press,  |c 2001. 
300 |a xii, 415 p. :  |b il. ;  |c 23 cm. 
504 |a Bibliografía: p. 371-401. 
020 |a 0195131886 (pbk.) 
020 |a 0195131878 
700 1 |a Scheiner, Samuel M.  |4 edt 
700 1 |a Gurevitch, Jessica.  |4 edt 
084 |a 62Kxx (62P10 92D40)  |2 msc2000 
010 |a  00035647  
859 |h 62  |i D457-2  |p A-8087  |b BIB. MATEMATICA